Die größten Städte mit D - Statistiken

Allgemein
  • Dieses Quiz wurde 326 mal gespielt
  • Das Durchschnittsergebnis liegt bei 13 aus 30
Antwortstatistiken
Land Antwort Einwohner % Korrekt
Indien Delhi 34.000.000
92%
Irland Dublin 1.500.000
90%
VAE Dubai 6.600.000
88%
Senegal Dakar 4.300.000
87%
Katar Doha 2.400.000
85%
Syrien Damaskus 3.800.000
84%
Bangladesch Dhaka 22.000.000
84%
USA Detroit 5.700.000
80%
USA Dallas 7.500.000
77%
USA Denver 3.700.000
71%
Tansania Daressalam 6.000.000
65%
Südafrika Durban 3.500.000
64%
Tadschikistan Duschanbe 1.070.000
57%
Ukraine Donezk 1.390.000
53%
Ukraine Dnipro 1.340.000
37%
Südkorea Daegu 2.800.000
35%
China Dalian 5.100.000
30%
Kamerun Douala 3.600.000
29%
Saudi-Arabien Dammam 2.850.000
17%
Philippinen Davao 1.600.000
17%
Vietnam Da Nang 1.400.000
14%
Indonesien Denpasar 1.200.000
11%
Südkorea Daejeon 1.530.000
9%
China Datong 1.900.000
8%
Türkei Diyarbakir 1.090.000
8%
China Daqing 1.830.000
6%
China Dazhou 1.260.000
4%
Indien Dehradun 1.000.000
2%
China Dezhou 1.190.000
2%
Indien Dhanbad 1.440.000
2%
Keine übereinstimmenden Quizze gefunden
Verteilung der Resultate
Anzahl Personen mit jedem Resultat
Perzentil nach korrekt beantworteten Fragen
Ihre Resultats-Entwicklung
Sie haben dieses Quiz noch nicht gespielt